000 00768nam a22001937a 4500
005 20180521111116.0
010 _aENG-123065
020 _a9789352735389
_c950.00
035 _aEN-106597
037 _bDBAD/PUB.
082 _a954.083
100 _aDavid, M.D.
245 _aTorch bearers of the deccan blazing up the northern skies :
_cby M.D. David
_b(1857 in Maharashtra - A History) published on the occasion of 160th anniversary of the great rebellion of 1857 /
260 _aNew Delhi
_bHimalaya Publishing House
_c2017
270 _aPooja Apartments, 4-B, Murari Lal Street, Ansari Road Dariy Ganj
_bNew Delhi
_e110002
300 _a193p.
_b22cm(Hb)
_cill.
500 _aIt include bibliography and index
942 _2ddc
_cEN
_h954.083
_mDAV
999 _c152172
_d152172